Culture Générale - Série 999 - Statistiques

Statistiques générales
  • Ce quiz a été pris 180 fois
  • Le résultat moyen est 5 sur 10
Statistiques - réponses
Question Réponse % Correct
Quel détective de fiction créé par Sir Arthur Conan Doyle a été interprété par au cinéma par Robert Downey Jr en 2010 ? Sherlock Holmes
91%
Quel est le premier fleuve du monde par son débit ? Amazone
80%
Quelle langue officielle parle-t-on en Angola ? portugais
79%
En France, l'équipe nationale italienne de football est surnommée la Squadra... Azzurra
66%
Quelle plante potagère désigne aussi l'enseigne rouge à double pointe des bureaux de tabac ? carotte
64%
Dans quel département se situe la station balnéaire d'Hendaye ? Pyrénées-Atlantiques
57%
Quel personnage de Molière a pour réplique : "Ah! pour être dévot, je n'en suis pas moins homme" ? Tartuffe
34%
A quelle femme d'exception Calogero rend-t-il hommage dans sa chanson "Yalla" ? Soeur Emmanuelle
26%
En 1937, à quel réalisateur doit-on le film "Pépé le Moko" ? Julien Duvivier
13%
Complétez les paroles d'une chanson de Serge Gainsbourg : "La beauté cachée des laids, se voit sans ... délai
12%
Aucun quiz correspondant
Distribution des résultats
% des personnes avec chaque résultat
Percentile par nombre de réponses
Votre historique - résultats
Vous n’avez pas pris ce quiz